LEADER 01336nam a2200325 a 4500 001 000000173700 003 CaOOAMICUS 005 20200727162353.0 008 200727s2014 xxchkf u000 u eng r 020 $a0-13-039938-8* 032 $aLibriCat 040 $aPUL$bita 082 04$a160 100 1 $aWoods, John.$0(OLS)http://pul/name/103202 245 10$aArgument : $bcritical thinking, logic and the fallacies / $cJohn Woods, Andrew Irvine, Douglas Walton. 250 $a2a ed. 260 $aToronto:$bPearson : Prentice Hall,$c ©2004. 300 $aXIII, 370 p. :$bform., graf., tav.;$c24 cm 504 $aBibliografia in nota. 650 4$aLogica$xStudi.$0(OLS)http://pul/subject/35370 700 1 $aIrvine, Andrew D.$0(OLS)http://pul/name/111538 700 1 $aWalton, Douglas.$0(OLS)http://pul/name/63985 850 $aPUL 852 $aPUL$W1$xSL Filosofia 3$y81$m160 WOOJO 1$j197653$qDDC 21$B202484$CPULBib$Z2$F202484 $H133512 $82 941 1 $a9 996 $6020$a0-13-039938-8*$9(OLS)http://pul/number/167650 996 $6082$a160$9(OLS)http://pul/classification/596 996 $6245$aArgument : $bcritical thinking, logic and the fallacies / $9(OLS)http://pul/title/214887 996 $6260$aToronto:$bPearson : Prentice Hall$9(OLS)http://pul/publisher/87324 LEADER 01712nam a2200373 a 4500 001 000000176736 003 CaOOAMICUS 005 20240326114333.0 006 a 000 u 008 240326s2023 it z000 u ita r 020 $z978-88-929568-9-6* 032 $aLibriCat 040 $aPUL$bita 100 1 $aSirianni, Piero,$co.f.m.cap.$0(OLS)http://pul/name/113004 245 13$aLa fraternitą e la libertą francescane :$brilette a partire dalla teologia di Bonaventura e Duns Scoto / $cPiero Sirianni . 250 $aPrima edizione. 260 $aRoma :$bTab edizioni,$cc2023. 300 $a232 p. ;$c22 cm 440 0$aMonoteismi ;$v6 500 $aContiene indici. 500 $aNumero della serie tratto dal sito dell'editore. 504 $aBibliografia: p.[207]-232. 600 14$aDuns Scotus, Iohannes,$cb.,$d1266-1308$xCritica e interpretazione.$0(OLS)http://pul/subject/4851 600 04$aBonaventura,$cs., card.,$dc. 1217-1274$xCritica e interpretazione.$0(OLS)http://pul/subject/3153 650 04$aFrancescani.$xSpiritualitą.$0(OLS)http://pul/subject/46798 830 0$aMonoteismi;$v6.$0(OLS)http://pul/title/218218 850 $aPUL 852 $aPUL$W1$xSL Religione 3$y85$m271 SIRPI 2$j200738$qDDC 21$B205692$CPULBib$Z2$F205692 $H136882 $82 941 1 $a9 996 $6020$z978-88-929568-9-6*$9(OLS)http://pul/number/169626 996 $6245$aLa fraternitą e la libertą francescane :$brilette a partire dalla teologia di Bonaventura e Duns Scoto / $9(OLS)http://pul/title/218217 996 $6440$aMonoteismi;$9(OLS)http://pul/title/218218 996 $6260$aRoma :$bTab edizioni$9(OLS)http://pul/publisher/87475